000
00355nam a2200157Ia 4500
008
221030s9999 xx 000 0 und d
020
_a
8170140382
041
_a
English
082
_a
105.23
_b
Sat
100
_a
Satya Prakash
245
0
_a
Mathematical Physics
_c
by Satya Prakash
260
_c
2000
300
_a
1180
650
_a
Physics
942
_c
BK
999
_c
6993
_d
6993